Statistiken für Fussballweltmeister der Obdachlosen-WM (Frauen)

Klicken Sie hier um das Quiz zu spielen!

Allgemein

  • Dieses Quiz wurde 70 mal gespielt
    (14 seit der letzten Aktualisierung)
  • Das Durchschnittsergebnis liegt bei 5 aus 12

Antwortstatistiken

JahrLand% Korrekt
2010Brasilien
92%
2014Chile
50%
2012Mexiko
50%
2013Mexiko
50%
2015Mexiko
50%
2016Mexiko
50%
2017Mexiko
50%
2018Mexiko
50%
2019Mexiko
50%
2023Mexiko
50%
2011Kenia
0%
2008Sambia
0%

Verteilung der Resultate

Perzentil nach korrekt beantworteten Fragen

Anzahl Personen mit jedem Resultat

Ihre Resultats-Entwicklung

Sie haben dieses Quiz seit der letzten Aktualisierung nicht gespielt